Un modelo lingüístico para el análisis integral de discursos (Record no. 189913)
[ view plain ]
| 000 -LEADER | |
|---|---|
| campo de control de longitud fija | 01152nam a2200265 i 4500 |
| 001 - NÚMERO DE CONTROL | |
| campo de control | 189913 |
| 003 - IDENTIFICADOR DE NÚMERO DE CONTROL | |
| campo de control | SpMaBN |
| 005 - FECHA Y HORA DE LA ÚLTIMA TRANSACCIÓN | |
| campo de control | 20250628064908.0 |
| 008 - DATOS DE LONGITUD FIJA--INFORMACIÓN GENERAL | |
| campo de control de longitud fija | 191226s1991 ck |||| | spa d |
| 080 ## - NÚMERO DE LA CLASIFICACIÓN DECIMAL UNIVERSAL | |
| Número de la Clasificación Decimal Universal | 860(861) García Márquez, Gabriel 7 Otoño del patriarca .08 |
| 100 1# - ENTRADA PRINCIPAL--NOMBRE DE PERSONA | |
| Nombre de persona | Celeita Reyes, Lola. |
| 9 (RLIN) | 169259 |
| Término indicativo de función/relación | Autor |
| 245 13 - MENCIÓN DEL TÍTULO | |
| Título | Un modelo lingüístico para el análisis integral de discursos |
| Resto del título | : propuesta metodológica aplicada a "El otoño del patriarca" / |
| Mención de responsabilidad, etc. | Lola Celeita Reyes, Neyla Graciela Pardo Abril. |
| 260 ## - PUBLICACIÓN, DISTRIBUCIÓN, ETC. | |
| Lugar de publicación, distribución, etc. | Bogotá : |
| Nombre del editor, distribuidor, etc. | Instituto Caro y Cuervo, |
| Fecha de publicación, distribución, etc. | 1991. |
| 300 ## - DESCRIPCIÓN FÍSICA | |
| Extensión | 204 p., [5] h. (algunas pleg.) ; |
| Dimensiones | 25 cm. |
| 490 1# - MENCIÓN DE SERIE | |
| Mención de serie | Cuadernos del Seminario Andrés Bello ; |
| Designación de volumen o secuencia | 5 |
| 500 ## - NOTA GENERAL | |
| Nota general | Glosario. |
| 504 ## - NOTA DE BIBLIOGRAFÍA, ETC. | |
| Nota de bibliografía, etc. | Bibliografía: p. [197]-201. |
| 600 17 - PUNTO DE ACCESO ADICIONAL DE MATERIA--NOMBRE DE PERSONA | |
| Nombre de persona | García Márquez, Gabriel. |
| Título de la obra | El otoño del patriarca. |
| 9 (RLIN) | 169260 |
| 700 1# - ENTRADA AGREGADA--NOMBRE PERSONAL | |
| Nombre de persona | Pardo Abril, Neyla Graciela. |
| 9 (RLIN) | 169261 |
| Término indicativo de función/relación | Autor |
| 710 2# - ENTRADA AGREGADA--NOMBRE DE ENTIDAD CORPORATIVA | |
| Nombre de entidad corporativa o nombre de jurisdicción como elemento de entrada | Instituto Caro y Cuervo. |
| 9 (RLIN) | 4806 |
| Término indicativo de función/relación | Editor |
| 830 0# - PUNTO DE ACCESO ADICIONAL DE SERIE-TÍTULO UNIFORME | |
| Título uniforme | Cuadernos del Seminario Andrés Bello ; |
| Designación de volumen o secuencia | 5 |
| 9 (RLIN) | 193462 |
| 852 ## - LOCALIZACIÓN | |
| Ubicación | ES-MaACL |
| Ubicación en estantería | Depósito 2 |
| Donativo/Legado | Donat. herederos José Prat |
| Número de control de estantería | L-32496 |
| 942 ## - ELEMENTOS DE ENTRADA SECUNDARIOS (KOHA) | |
| Fuente del sistema de clasificación o colocación | Clasificación decimal universal |
| Tipo de ítem Koha | Libro impreso |
| Suprimir en OPAC | No |
| Estatus retirado | Estado de pérdida | Estado de daño | No para préstamo | Biblioteca de origen | Biblioteca actual | Ubicación en estantería | Fecha de adquisición | Fuente de adquisición | Total de préstamos | Signatura topográfica completa | Código de barras | Visto por última vez | Precio de reemplazo | Tipo de ítem Koha |
|---|---|---|---|---|---|---|---|---|---|---|---|---|---|---|
| Biblioteca del Ateneo de Madrid | Biblioteca del Ateneo de Madrid | Depósito 2 | 26/12/2019 | L-32496 | 1201447 | 23/02/2023 | 23/02/2023 | Libro impreso |
